00688 2200229 4500001002100000005001500021035002000036007000300056008004100059020002200100082001100122084001800133100003300151245010300184250003000287260003200317300005300349650001900402700001300421990001200434990001200446INLIS00000000000185520180404104718 a0010-0418000012ta180404 g 0 ind  a978-602-6845-09-2 a297.91 a297.91 ABD p0 aABDURRAHMAN, Ra'fat al-Basya1 aPara Tabi'in Kisah Perjuangan dan Keteladanan /cAbdurrahman Ra'fat al-Basya, penerjemah, Ibtidain aed. indonesia.-- cet.1.-- aJakarta :bDarul Haq,c2016 axii, 335 hlm. ;c24 cm. --Serial buku DH ke-298. aKHALIFAH ISLAM0 aIBTIDAIN a16504 a a16504 b